ბათუმის შოთა რუსთაველის სახელმწიფო უნივერსიტეტის ბიბლიოთეკა

Primer of Genetic Analysis: (ბიბ.ჩანაწერი № 62444)

000 -LEADER
fixed length control field 00945nam a22002297a 4500
005 - DATE AND TIME OF LATEST TRANSACTION
control field 20241104111257.0
008 - FIXED-LENGTH DATA ELEMENTS--GENERAL INFORMATION
fixed length control field 241104s2007 enk||||| |||| 00| 0 eng d
020 ## - INTERNATIONAL STANDARD BOOK NUMBER
International Standard Book Number 9780521603652x
041 ## - LANGUAGE CODE
Language code of text/sound track or separate title eng
080 ## - UNIVERSAL DECIMAL CLASSIFICATION NUMBER
Universal Decimal Classification number 575 P-92
245 ## - TITLE STATEMENT
Title Primer of Genetic Analysis:
Remainder of title A Problems Approach /
Statement of responsibility, etc. James N. Thompson Jr, Jenna J. Hellack, Gerald Braver, David S. Durica.
250 ## - EDITION STATEMENT
Edition statement 3rd Edition
264 ## - PRODUCTION, PUBLICATION, DISTRIBUTION, MANUFACTURE, AND COPYRIGHT NOTICE
Place of production, publication, distribution, manufacture Cambridge :
Name of producer, publisher, distributor, manufacturer Cambridge University Press,
Date of production, publication, distribution, manufacture, or copyright notice 2007.
300 ## - PHYSICAL DESCRIPTION
Extent 312 p.;
Other physical details ill.;
Dimensions 26 cm.
653 ## - INDEX TERM--UNCONTROLLED
keyword გენეტიკური ანალიზის პრაიმერი
653 ## - INDEX TERM--UNCONTROLLED
keyword გენეტიკა
700 ## - ADDED ENTRY--PERSONAL NAME
Personal name Thompson Jr., James N.
Relator term რედაქტორი
9 (RLIN) 23604
700 ## - ADDED ENTRY--PERSONAL NAME
Personal name Hellack, Jenna J.
Relator term რედაქტორი
9 (RLIN) 23605
700 ## - ADDED ENTRY--PERSONAL NAME
Personal name Braver, Gerald
Relator term რედაქტორი
9 (RLIN) 23606
700 ## - ADDED ENTRY--PERSONAL NAME
Personal name Durica, , David S.
Relator term რედაქტორი
9 (RLIN) 23607
942 ## - ADDED ENTRY ELEMENTS (KOHA)
Source of classification or shelving scheme
Koha item type წიგნი
ეგზემპლარები
Withdrawn status Lost status Source of classification or shelving scheme Damaged status Not for loan Permanent Location Current Location Shelving location Date acquired Cost, normal purchase price Full call number Barcode Date last seen Copy number Price effective from Koha item type Public note
          ბათუმის შოთა რუსთაველის სახელმწიფო უნივერსიტეტის მთავარი ბიბლიოთეკა ბათუმის შოთა რუსთაველის სახელმწიფო უნივერსიტეტის მთავარი ბიბლიოთეკა წიგნსაცავი 2024-11-04 161.00 575 P-92 69566 2024-11-04 69566 2024-11-04 წიგნი 161 ლ.
          ბათუმის შოთა რუსთაველის სახელმწიფო უნივერსიტეტის მთავარი ბიბლიოთეკა ბათუმის შოთა რუსთაველის სახელმწიფო უნივერსიტეტის მთავარი ბიბლიოთეკა წიგნსაცავი 2024-11-04 161.00 575 P-92 69567 2024-11-04 69567 2024-11-04 წიგნი 161 ლ.